États confédérés d'Amérique - Guerre de Sécession - Statistiques

Statistiques générales
  • Ce quiz a été pris 429 fois
  • Le résultat moyen est 8 sur 11
Statistiques - réponses
États % Correct
Texas
91%
Floride
87%
Alabama
82%
Caroline du Sud
79%
Mississippi
77%
Géorgie
76%
Caroline du Nord
74%
Louisiane
73%
Virginie
71%
Arkansas
66%
Tennessee
60%
Aucun quiz correspondant
Distribution des résultats
% des personnes avec chaque résultat
Percentile par nombre de réponses
Votre historique - résultats
Vous n’avez pas pris ce quiz